000 00459nam a22001937a 4500
003 CEME
005 20210628203152.0
008 210127b xxu||||| |||| 00| 0 eng d
020 _a0-07-232569-0
040 _c.
082 _a512.72 BUR
100 _aBurton, David M
_963747
245 _aElementary number theory
250 _a5TH
260 _aNEW YORK
_bMCGRAW HILL
_c2002
300 _aXV,411P
650 _aNUMBER THEORY
_93455
942 _cBK
_2ddc
999 _c572471
_d572471